Kliknij powiaty województwa wielkopolskiego na mapie - Statystyki

Ogólne statystyki
  • Ten quiz został rozwiązany 2 969 razy
  • Średni wynik to 19 z 35
Odpowiedzi na mapie
Odpowiedzi zakodowano w zielono-czerwonej skali na mapie do tego quizu, zgodnie z poniższymi procentami.
 
Statystyki odpowiedzi
Odpowiedź % Poprawnych
poznański
88%
Poznań
86%
koniński
76%
Kalisz
74%
Konin
74%
Leszno
71%
kaliski
70%
leszczyński
68%
gnieźnieński
65%
pilski
57%
złotowski
55%
czarnkowsko-trzcianecki
54%
kolski
52%
obornicki
50%
szamotulski
49%
wągrowiecki
49%
wrzesiński
49%
średzki
48%
turecki
48%
ostrowski
47%
chodzieski
46%
kępiński
46%
międzychodzki
46%
słupecki
46%
nowotomyski
45%
rawicki
45%
śremski
45%
kościański
43%
ostrzeszowski
42%
jarociński
41%
wolsztyński
41%
grodziski
40%
pleszewski
39%
gostyński
37%
krotoszyński
37%
Nie znaleziono quizów pasujących do podanych kryteriów
Rozkład punktacji
Procent ludzi z każdym wynikiem
Percentyl według liczby udzielonych odpowiedzi
Twoja historia wyników
Nie rozwiązałeś tego quizu